| Record ID | marc_records_scriblio_net/part08.dat:65541284:657 |
| Source | Scriblio |
| Download Link | /show-records/marc_records_scriblio_net/part08.dat:65541284:657?format=raw |
LEADER: 00657cam 2200217 4500
001 74182382 //r84
003 DLC
005 19841018000000.0
008 741003s1974 nyua 00010 eng
010 $a 74182382 //r84
020 $a0345238451
043 $aa-ce---
050 0 $aDS490.G7$bC56 1974
082 $a910/.09/1657
100 10 $aClarke, Arthur Charles,$d1917-
245 14 $aThe treasure of the Great Reef$c[by] Arthur C. Clarke. With a new pref. and epilogue by the author.
260 0 $aNew York,$bBallantine Books$c[1974]
300 $a278 p.$billus.$c21 cm.
350 $a$2.95
650 0 $aTreasure-trove$zSri Lanka.
651 0 $aGreat Basses Reef.